| 000 | 00489cam a2200193ua 4500 | ||
|---|---|---|---|
| 001 | 2225 | ||
| 008 | 110805n ii |||gr||||Z||||||asm | ||
| 040 | _cMAIN | ||
| 082 | _a371.3 | ||
| 100 | _aNath, Parul, | ||
| 245 | 1 |
_aHikuwar padhyati aru anushilan _cby Parul Nath |
|
| 250 | _a2nd. | ||
| 260 |
_aGuahati: _bLawyers book stall, _c2006. |
||
| 300 |
_a160p: _c23cm. |
||
| 653 | _aEducation | ||
| 653 | _aHikuwar padhyati aru anushilan | ||
| 700 |
_aDevi, Bijoya, _eAuthor. |
||
| 942 | _cBK | ||
| 999 |
_c2092 _d2092 |
||